| 000 | 01512cam a2200337Ii 4500 | ||
|---|---|---|---|
| 001 | 933256866 | ||
| 003 | OCoLC | ||
| 005 | 20200728143333.0 | ||
| 008 | 151221s2015 nyua j 001 0 spa | ||
| 020 | _a9781474816816 | ||
| 020 | _a1474816819 | ||
| 040 |
_aSNR _cSNR _dSNR |
||
| 041 | 1 |
_aspa _heng |
|
| 092 |
_aSP J 597.3 _bTiburones |
||
| 245 | 0 | 0 |
_aTiburones : _bconoce de cerca los depredadores marinos mas temidos / _cproduccion, Jollands Editions ; traduccion Carme Frach para Delivering iBooks & Design. |
| 260 |
_aNew York : _bParragon, _c2015. |
||
| 264 | 1 |
_aNew York : _bParragon, _c2015. |
|
| 300 |
_a80 pages : _bcolor illustrations ; _c29 cm. |
||
| 336 |
_atext _btxt _2rdacontent. |
||
| 337 |
_aunmediated _bn _2rdamedia. |
||
| 338 |
_avolume _bnc _2rdacarrier. |
||
| 500 | _aIncludes index. | ||
| 520 | _a"A traves de magnificas fotografias e increibles imagenes en accion. Tiburones te invita a realizar un fascinante viaje visual para conocer a los reyes del oceano de cerca y a descubrir secretos sorprendentes por el camino. Este libro de consulta para toda la familia saciara la curiosidad de las mentes mas inquisitivas y dara a conocer el maravilloso mundo de los tiburones" -- Page 4 of cover. | ||
| 650 | 0 |
_aSharks _vJuvenile literature. |
|
| 650 | 0 | _aSpanish language materials. | |
| 650 | 7 |
_aTiburones _xNovela juvenil. _2bidex. |
|
| 650 | 7 |
_aSharks. _2fast _0(OCoLC)fst01115299. |
|
| 655 | 7 |
_aJuvenile works. _2fast _0(OCoLC)fst01411637. |
|
| 700 | 1 | _aFrach, Carme. | |
| 942 | _cBK | ||
| 999 |
_c24744 _d24744 |
||